LIBRARY & INFORMATION CENTRE, KCAET, TAVANUR

ONLINE PUBLIC ACCESS CATALOGUE (OPAC)

Chronomatographic seperations based on molecular recognition / (Record no. 10731)

MARC details
000 -LEADER
fixed length control field 00438cam a2200157ua 4500
020 ## - INTERNATIONAL STANDARD BOOK NUMBER
ISBN 1-0987-65432-1
041 ## - LANGUAGE CODE
Language code of text/sound track or separate title eng
082 ## - DEWEY DECIMAL CLASSIFICATION NUMBER
Classification number 543.0892
Item number KIY/CH
100 ## - MAIN ENTRY--AUTHOR NAME
Personal name Jinno, Kiyokatsu .
245 ## - TITLE STATEMENT
Title Chronomatographic seperations based on molecular recognition /
260 ## - PUBLICATION, DISTRIBUTION, ETC. (IMPRINT)
Place of publication New Delhi :
Name of publisher Wiley Eastern Ltd ,
Year of publication 1997.
300 ## - PHYSICAL DESCRIPTION
Number of Pages 426 ; .
942 ## - ADDED ENTRY ELEMENTS (KOHA)
Koha item type Books
Holdings
Withdrawn status Lost status Damaged status Home library Current library Date acquired Full call number Accession Number Koha item type
Withdrawn     KAUAET KAUAET 07/04/2012 543.0892 19905 Books
free website counter